000 00340nam a22001457a 4500
008 211019b ||||| |||| 00| 0 eng d
020 _a9780495014775
041 _aeng
080 _26th
_a575
082 _a575
100 _a5
101 _aBIOK
245 _aIntroduction to Organic and Biochemistry
_cBettelheim,F.A
942 _2udc
_cBK
999 _c58274
_d58274